00409nam a2200157Ia 450000500170000000800410001702000180005804100120007608200150008810000140010324500350011725000080015226000400016050000140020065000370021420240913125312.0240913s9999||||xx |||||||||||||| ||und|| a0-7506-5802-9 aENGLISH A004.165 P3 aPark,John 0aPractical Embedded Controllers a1st c2003bNewnes Technical Books,London aREFERENCE aEmbeddedbInformation Technology